000 00616nam a2200193Ia 4500
005 20250508165930.0
008 008 250505s9999 xx 000 0 eng d
037 _aTextual
040 _aFEDL
_beng
_cFEDL
041 _aeng
_2eng
084 _a155.413, RAC
_qFEDL
100 _aRachlin Howard
_9782451
245 0 _aBehavior and mind: The roots of modern psychology
260 _aNew York, USA
_bOxford University Press
_c1994
300 _aviii, 163p.
546 _aGifted by HOD Namita Ranganathan in memory of Prof. Arvind Gaysu
942 _cTEXL
_h155.413, RAC
999 _c1398259
_d1398259